Media discourse /
El estudio del lenguaje de los medios de comunicación toma importancia para el estudio de los medios de comunicación de masas, el análisis de contenido y trabajos sociolingüísticos. El autor utiliza el lenguaje de los medios para hacer un análisis crítico de discurso, teniendo presente conceptos com...
שמור ב:
| מחבר ראשי: | |
|---|---|
| פורמט: | Texto |
| שפה: | Spanish |
| יצא לאור: |
London:
ARNOLD
|
| נושאים: | |
| תגים: |
הוספת תג
אין תגיות, היה/י הראשונ/ה לתייג את הרשומה!
|
MARC
| LEADER | 00000 a a2200000 04500 | ||
|---|---|---|---|
| 001 | 36813 | ||
| 003 | cru CIDCACS/IIS | ||
| 005 | 20170525154155.0 | ||
| 008 | 170525b xxu||||| |||| 00| 0 spa d | ||
| 020 | |a 0-340-58889-6 | ||
| 040 | |c CIDCACS/IIS | ||
| 090 | |a 05.02.01 F165m | ||
| 100 | |a Fairclough, Norman | ||
| 245 | |a Media discourse / |c Norman Fairclough | ||
| 260 | |a London: |b ARNOLD | ||
| 300 | |a 214 páginas | ||
| 520 | |a El estudio del lenguaje de los medios de comunicación toma importancia para el estudio de los medios de comunicación de masas, el análisis de contenido y trabajos sociolingüísticos. El autor utiliza el lenguaje de los medios para hacer un análisis crítico de discurso, teniendo presente conceptos como Lenguaje, Poder, Discurso y Vida Social. Utiliza ejemplos de la televisión, la radio y la prensa escrita para mostrar los cambios en las prácticas de los medios de comunicación en relación con el proceso de cambio social y cultural. Particularmente, explora las tensiones entre los medios públicos y privados, y las tensiones entre la información y el entretenimiento | ||
| 650 | |a MEDIOS DE COMUNICACION | ||
| 650 | |a ANALISIS DE INFORMACION | ||
| 650 | |a LINGUISTICA | ||
| 650 | |a TELEVISION | ||
| 650 | |a RADIO | ||
| 650 | |a PRENSA | ||
| 650 | |a TEORIA SOCIAL | ||
| 942 | |2 ddc |c LI | ||
| 999 | |c 16497 |d 16497 | ||



